India and BRICS – Comparison of Economies

Ekonomiky krajín BRICS s dôrazom na Indiu ako jedného z najdôležitejších členov zoskupenia BRICS. Kaldorov magický štvorec v modifikovanej podobe na analýzu základných makroekonomických ukazovateľov Indie a ďalších krajín BRICS a na identifikáciu stavu indickej ekonomiky medzi krajinami BRICS. Indic...

Full description

Saved in:
Bibliographic Details
Main Author: Grešš, Martin, 1978-
Format: Book Chapter
Language:English
Subjects:
Tags: Add Tag
No Tags, Be the first to tag this record!

MARC

LEADER 00000naa$a2200000$$$4500
001 0271535
005 20240502074258.5
041 0 |a eng 
044 |a SK 
245 1 0 |a India and BRICS – Comparison of Economies  |c Martin Grešš 
520 |a Ekonomiky krajín BRICS s dôrazom na Indiu ako jedného z najdôležitejších členov zoskupenia BRICS. Kaldorov magický štvorec v modifikovanej podobe na analýzu základných makroekonomických ukazovateľov Indie a ďalších krajín BRICS a na identifikáciu stavu indickej ekonomiky medzi krajinami BRICS. Indická ekonomika sa vyvíjala pozitívne a zlepšovala všetky základné makroekonomické ukazovatele s výnimkou inflácie. 
610 2 0 |a India 
610 2 0 |a obchod 
610 2 0 |a produkt národný hrubý 
610 2 0 |a ukazovatele makroekonomické 
100 1 |a Grešš, Martin, 1978-